000 00637cab a2200253 4500
001 ABS60471
008 090401t1999 xxu||||| |||| 00| 0 eng d
035 _a(Sirsi) u93228
041 _aeng
100 _aNelson, R.B.
245 _aSquare mile counts the cost of its historic foundations
260 _c1999
350 _a0
490 _aProperty Week
_v64 (17) 20 April 1999, 8(1)
650 _aARCHAEOLOGICAL DIGS
650 _aARCHAEOLOGICAL SITES
650 _aCOSTS
650 _aDEVELOPERS
650 _aLONDON
650 _aPPG16
690 _aPROPERTY-PROPERTY DEVELOPMENT
942 _n0
948 _c10/05/1999
999 _c59091
_d59091